00254nam a22001097a 4500008004100000020001500041082001600056110000800072245004200080260001400122300000800136230704b xxu||||| |||| 00| 0 eng d a1589063597 a338.98bDAS bIMF alessons from the crisis in Argentina  bIMFc2004 a55p